| 000 | 00589nam a2200241Ia 4500 | ||
|---|---|---|---|
| 008 | 171120s9999 xx 000 0 und d | ||
| 020 | _a136128236 | ||
| 050 | _a912 | ||
| 050 | _bV489 2005 | ||
| 100 | _aVeregin, Howard | ||
| 245 | _aGoode's world atlas / | ||
| 245 | _cby Howard Veregin. | ||
| 250 | _aTwenty-first edition | ||
| 260 | _aUSA : | ||
| 260 | _bRandy McNally and company, | ||
| 260 | _c2005 | ||
| 300 | _axii, 371 pages : | ||
| 300 | _bsome color illustrations ; | ||
| 300 | _c27cm. | ||
| 500 | _aIncludes index. | ||
| 650 | _aAtlases. | ||
| 700 | _aTitle. | ||
| 999 |
_c345097 _d345097 |
||